00393 2200157 4500001002100000005001500021035002000036245004800056100001800104250000600122300001600128260004500144082001100189084001700200020001800217INLIS00000000000002720260406015247 a0010-04260000271 aFabel Untuk Anak Indonesia /cLeguty Family0 aLeguty Family a1 a214 :bIlus aTangerang Selatan :bLeguty Media,c2021 a898.23 a898.23 LEG f a9786236214039